00717nam a2200169 a 450000100100000000500170001000800410002704000250006808200150009310000290010824501070013726000670024430000200031159000260033195201730035799900170053000004553520201002052313.0150414s1997 dr r 000 0 spa d aDO-SdBNPbspacBNPHU axxxxbxxxx1 aEscala, Miguel J.91740010aInteligencia emocional e inteligencia exitosa :balgunas ideas para la práctica /cMiguel J. Escala. aSanto Domingo :bAcción para la Educación Básica,c1997. a17 p. ;c23 cm. aInventariado, 2019/BT 0010718PDaPDbPDcHDd2015-04-14iLF1l0oxxxx xxxxp45535-10r2020-06-25w2020-06-25yLFPDzPerteneció a la biblioteca personal de Bárbara Suncar.ZNo se presta c45024d45024